000 00303nam a2200109 4500
999 _c10661
_d10661
008 180913b ||||| |||| 00| 0 eng d
245 _aLaw vs distracted driving takes effect today.
260 _aPhilippines
_bThe Philippine Star
_cc2017
300 _apage 6.
650 0 _937117
_aLaw.
942 _2ddc
_cPER